|
|
|
|
| LEADER |
00864nam a22002297a 4500 |
| 001 |
AAL4411 |
| 003 |
BD-DhAAL |
| 005 |
20160302141816.0 |
| 008 |
160302m20011997bg ||||| |||| 00| 0 ben d |
| 020 |
|
|
|a 9844016356
|
| 040 |
|
|
|a BD-DhAAL
|c BD-DhAAL
|
| 082 |
|
|
|2 22
|a 891.44
|
| 100 |
|
|
|a শরীফ, আহমদ
|9 18305
|
| 245 |
|
|
|a জীবনে- সমাজে- সাহিত্য /
|c আহমদ শরীফ
|
| 260 |
|
|
|a ঢাকা :
|b আগামী প্রকাশনী,
|c ২০০১
|
| 300 |
|
|
|a ১৭৫ পৃ. ;
|c ২২ সে.মি.
|
| 541 |
|
|
|e 4411
|
| 650 |
|
|
|a Bengali literature
|9 18306
|
| 852 |
|
|
|a Savar Campus Library
|c General Shelf
|
| 942 |
|
|
|2 ddc
|c BK
|
| 999 |
|
|
|c 37018
|d 37018
|
| 952 |
|
|
|0 0
|1 0
|2 ddc
|4 0
|6 891_440000000000000_SHA
|7 0
|9 58257
|a SCL
|b SCL
|c GEN
|d 2016-03-02
|g 150.00
|l 0
|o 891.44 SHA
|p 3020004411
|r 2016-03-02
|t 1
|w 2016-03-02
|y BK
|